The Japanese working man : What choice? What reward?
This book introduce about lifetime employment historical outline. The employment paradox. Working women, homeworkers and handicapped employees. Japan's older workforce. Industry and formal education. The process of selection...
Salvato in:
| Autore principale: | |
|---|---|
| Natura: | Libro |
| Lingua: | Undetermined |
| Pubblicazione: |
Vancouver
University of British Columbia Press
1979
|
| Soggetti: | |
| Tags: |
Aggiungi Tag
Nessun Tag, puoi essere il primo ad aggiungerne! !
|
| Thư viện lưu trữ: | Trung tâm Học liệu Trường Đại học Cần Thơ |
|---|
| LEADER | 00861nam a2200217Ia 4500 | ||
|---|---|---|---|
| 001 | CTU_87890 | ||
| 008 | 210402s9999 xx 000 0 und d | ||
| 082 | |a 331.110952 | ||
| 082 | |b H474 | ||
| 100 | |a Helvoort, Ernest van | ||
| 245 | 4 | |a The Japanese working man : | |
| 245 | 0 | |b What choice? What reward? | |
| 245 | 0 | |c Ernest van Helvoort | |
| 260 | |a Vancouver | ||
| 260 | |b University of British Columbia Press | ||
| 260 | |c 1979 | ||
| 520 | |a This book introduce about lifetime employment historical outline. The employment paradox. Working women, homeworkers and handicapped employees. Japan's older workforce. Industry and formal education. The process of selection... | ||
| 650 | |a Giai cấp công nhân,Working class | ||
| 650 | |z Nhật Bản,Japan | ||
| 904 | |i Trọng Hiếu | ||
| 980 | |a Trung tâm Học liệu Trường Đại học Cần Thơ | ||